Breves apuntes sobre la isla de Fernando Poó en el Golfo de Guinea ... / (Record no. 159040)

MARC details
000 -LEADER
campo de control de longitud fija 00735nam a22001935i 4500
001 - NÚMERO DE CONTROL
campo de control 159040
003 - IDENTIFICADOR DE NÚMERO DE CONTROL
campo de control ES-MaACL
005 - FECHA Y HORA DE LA ÚLTIMA TRANSACCIÓN
campo de control 20230906211427.0
008 - DATOS DE LONGITUD FIJA--INFORMACIÓN GENERAL
campo de control de longitud fija 961023s1859 sp |||| | spa d
040 ## - FUENTE DE CATALOGACIÓN
Centro catalogador/agencia de origen CLM
Lengua de catalogación spa
Centro/agencia transcriptor CLM
080 ## - NÚMERO DE LA CLASIFICACIÓN DECIMAL UNIVERSAL
Número de la Clasificación Decimal Universal 908(671.8 Fernando Poo)"18"
100 1# - ENTRADA PRINCIPAL--NOMBRE DE PERSONA
Nombre de persona Martinez y Sanz, Miguel.
9 (RLIN) 129580
245 10 - MENCIÓN DEL TÍTULO
Título Breves apuntes sobre la isla de Fernando Poó en el Golfo de Guinea ... /
Mención de responsabilidad, etc. Miguel Martinez y Sanz.
260 ## - PUBLICACIÓN, DISTRIBUCIÓN, ETC.
Lugar de publicación, distribución, etc. Madrid :
Nombre del editor, distribuidor, etc. [S.n.],
Fecha de publicación, distribución, etc. 1859 (
Fabricante Imprenta de Higinio Reneses)
300 ## - DESCRIPCIÓN FÍSICA
Extensión 104 p., [1] h. de map. ;
Dimensiones 20 cm.
599 ## - NOTA A LAS ILUSTRACIONES
NOTA A LAS ILUSTRACIONES La h. de lám. es de Sanchez, cª Geronima 13.
651 #4 - PUNTO DE ACCESO ADICIONAL DE MATERIA--NOMBRE GEOGRÁFICO
Nombre geográfico Fernando Poo-
Subdivisión general Historia.
9 (RLIN) 137231
852 ## - LOCALIZACIÓN
Ubicación ES-MaACL
Número de control de estantería T-2-F-8
Nota libre -- Enc. hol.
-- -- Enc. en un vol. facticio
Holdings
Estatus retirado Estado de pérdida Estado de daño No para préstamo Colección Biblioteca de origen Biblioteca actual Ubicación en estantería Fecha de adquisición Total de préstamos Signatura topográfica completa Código de barras Visto por última vez Precio de reemplazo Tipo de ítem Koha
        Colección de folletos Biblioteca del Ateneo de Madrid Biblioteca del Ateneo de Madrid Depósito folletos 17/01/2008   T-2-F-8 1166490 23/02/2023 23/02/2023 Folleto